The clash of fundamentalisms : (Record no. 17728)

MARC details
000 -LEADER
fixed length control field 02197cam a2200361 a 4500
001 - CONTROL NUMBER
control field 12744029
003 - CONTROL NUMBER IDENTIFIER
control field BDDh-ASL
005 - DATE AND TIME OF LATEST TRANSACTION
control field 20231015025630.0
008 - FIXED-LENGTH DATA ELEMENTS--GENERAL INFORMATION
fixed length control field 020417s2002 enkab b 001 0 eng
010 ## - LIBRARY OF CONGRESS CONTROL NUMBER
LC control number 2002280153
015 ## - NATIONAL BIBLIOGRAPHY NUMBER
National bibliography number GBA2-Z2726
020 ## - INTERNATIONAL STANDARD BOOK NUMBER
International Standard Book Number 1859846793
035 ## - SYSTEM CONTROL NUMBER
System control number (OCoLC)ocm48834950
040 ## - CATALOGING SOURCE
Original cataloging agency UKM
Transcribing agency UKM
Modifying agency BDDh-ASL
042 ## - AUTHENTICATION CODE
Authentication code lccopycat
050 00 - LIBRARY OF CONGRESS CALL NUMBER
Classification number BP163
Item number .A623 2002
082 00 - DEWEY DECIMAL CLASSIFICATION NUMBER
Classification number 297.8
Edition number 21
Item number ALC
100 1# - MAIN ENTRY--PERSONAL NAME
Personal name Ali, Tariq.
245 14 - TITLE STATEMENT
Title The clash of fundamentalisms :
Remainder of title crusades, jihads and modernity /
Statement of responsibility, etc. Tariq Ali.
260 ## - PUBLICATION, DISTRIBUTION, ETC.
Place of publication, distribution, etc. London :
Name of publisher, distributor, etc. Verso,
Date of publication, distribution, etc. 2002.
300 ## - PHYSICAL DESCRIPTION
Extent x, 342 p. :
Other physical details ill., map ;
Dimensions 21 cm.
504 ## - BIBLIOGRAPHY, ETC. NOTE
Bibliography, etc. note Includes bibliographical references and index.
505 8# - FORMATTED CONTENTS NOTE
Formatted contents note Machine generated contents note: PART I Mullahs and Heretics -- 1 An atheist childhood -- 2 The origins of Islam -- 3 The empire of the world -- 4 Jerusalem, Jerusalem -- 5 Ottomanism -- 6 The joys of heresy -- 7 Women versus the eternal masculine --PART II One Hundred Years of Servitude -- 8 A spring memory -- 9 The roots of Wahhabism -- 10 The kingdom of corruption -- 11 Zionism, the First Oil War, resistance -- 12 Marginal notes on the chapter of defeats -- 13 The anti-imperialism of fools -- 14 An ocean of terror --PART III The Nuclear Wastelands of South Asia -- 15 The case ofAnwar Shaikh -- 16 Plain tales from Pakistan -- 17 Afghanistan: between hammer and anvil -- 18 The story of Kashmir --PART IV A Clash of Fundamentalisms -- 19 A short-course history of US imperialism -- 20 September surprise -- 21 Letter to a young Muslim --Appendix On the Israeli-Arab war -- Isaac Deutscher.
650 #0 - SUBJECT ADDED ENTRY--TOPICAL TERM
Topical term or geographic name entry element Islam
Chronological subdivision 20th century.
650 #0 - SUBJECT ADDED ENTRY--TOPICAL TERM
Topical term or geographic name entry element Islamic fundamentalism.
650 #0 - SUBJECT ADDED ENTRY--TOPICAL TERM
Topical term or geographic name entry element World politics
Chronological subdivision 20th century.
856 41 - ELECTRONIC LOCATION AND ACCESS
Materials specified Table of contents
Uniform Resource Identifier <a href="http://www.loc.gov/catdir/toc/fy031/2002280153.html">http://www.loc.gov/catdir/toc/fy031/2002280153.html</a>
856 42 - ELECTRONIC LOCATION AND ACCESS
Materials specified Contributor biographical information
Uniform Resource Identifier <a href="http://www.loc.gov/catdir/enhancements/fy1311/2002280153-b.html">http://www.loc.gov/catdir/enhancements/fy1311/2002280153-b.html</a>
856 42 - ELECTRONIC LOCATION AND ACCESS
Materials specified Publisher description
Uniform Resource Identifier <a href="http://www.loc.gov/catdir/enhancements/fy1311/2002280153-d.html">http://www.loc.gov/catdir/enhancements/fy1311/2002280153-d.html</a>
906 ## - LOCAL DATA ELEMENT F, LDF (RLIN)
a 7
b cbc
c copycat
d 2
e ncip
f 20
g y-gencatlg
942 ## - ADDED ENTRY ELEMENTS (KOHA)
Source of classification or shelving scheme Dewey Decimal Classification
Koha item type Books
Holdings
Withdrawn status Lost status Source of classification or shelving scheme Damaged status Not for loan Collection code Home library Current library Shelving location Date acquired Source of acquisition Total Checkouts Full call number Barcode Date last seen Copy number Price effective from Koha item type Public note
    Dewey Decimal Classification   Not For Loan Non-fiction Asiatic Society Library Asiatic Society Library Ludden Collection 09/07/2020 Donated by Prof. David Ludden   297.8 ALC 100848 09/07/2020 C-1 09/07/2020 Books RARE
    Dewey Decimal Classification     Non-fiction Asiatic Society Library Asiatic Society Library General Stacks 04/25/2023 Donated by Professor Rana Razzaque   297.8 ALC 120861 04/25/2023 C-1 04/25/2023 Books Y-2002

Powered by Koha